00912nam a22001695i 4500001000700000003000900007005001700016008004100033040003000074100003900104245026400143260007100407300007500478610006500553752002600618852009800644160904ES-MaACL20230906212143.0990526s1889 mx a |||| | spa d aCCPB | B bspa cCCPB | B1 aOlavarría y Ferrari, Enrique de.13aEl Real Colegio de San Ignacio de Loyola b: vulgarmente Colegio de las Vizcainas en la actualidad Colegio de la Paz : reseña histórica / cescrita por Enrique de Olavarría y Ferrari ; é impresa por acuerdo y con la aprobación de su Junta directiva. aMéxico : b[s.n.], c1889 (fimprenta de Francisco Diaz de Leon) a[14], 244, 130 p., [10] h. de lám., [1] h. pleg. de plan. ; c25 cm.2 aReal Colegio de San Ignacio de Loyola (México)-xHistoria. aMéxico - dMéxico aES-MaACLjF-10634 z-- Enc. pasta española z-- An. ms.: ded. del autor al Ateneo de Madrid